Dissonance and Desire A Collection of Poems/ (Record no. 201928)

MARC details
000 -LEADER
fixed length control field 00546nam a22001697a 4500
005 - DATE AND TIME OF LATEST TRANSACTION
control field 20240404130125.0
010 ## - LCCN (DPL NO)
LC control number ENG-140036
020 ## - INTERNATIONAL STANDARD BOOK NUMBER
Terms of availability 30.00
035 ## - SYSTEM CONTROL NUMBER
System control number EN-123568
037 ## - SOURCE OF ACQUISITION
Source of stock number/acquisition DBAD
100 ## - MAIN ENTRY--PERSONAL NAME
Personal name Narayana, P. Laxmi
245 ## - TITLE STATEMENT
Title Dissonance and Desire A Collection of Poems/
Statement of responsibility, etc P.Laxmi Narayana
260 ## - PUBLICATION, DISTRIBUTION, ETC. (IMPRINT)
Place of publication, distribution, etc Hyderabad
Name of publisher, distributor, etc Jayamitra Sahitya Samskruthika Vedika
Date of publication, distribution, etc 2016
270 ## - ADDRESS
Address Flat no-310 Block-C Raghvendra Nagar Nacharam
City Hyderabad
Postal code 500076
300 ## - PHYSICAL DESCRIPTION
Extent 63 P.
Dimensions 22 c.m(pb)
942 ## - ADDED ENTRY ELEMENTS (KOHA)
Source of classification or shelving scheme Dewey Decimal Classification
Item type English Books
Classification part 881
Call number suffix NAR
Holdings
Withdrawn status Lost status Not for loan Collection code Home library Current library Date acquired Source of acquisition Cost, normal purchase price Full call number Barcode Cost, replacement price Koha item type
      Reference Bawana Bawana 04/04/2024 DBAD 30.00 881 NAR EN-123568 30.00 English Books

© Delhi Public Library
Hit Counter
free hit counter